Devine le personnage féminin Disney - Statistiques

Statistiques générales
  • Ce quiz a été pris 68 fois
  • Le résultat moyen est 15 sur 18
Statistiques - réponses
Par images Réponse % Correct
Cendrillon
100%
Blanche-neige
98%
Alice
97%
Elsa
97%
Raiponce
97%
Jasmine
95%
Pocahontas
95%
Belle
92%
Ariel
91%
Aurore
89%
Anna
85%
Vaiana
85%
Tiana
72%
Jane
68%
Mérida
57%
Raya
52%
Vanellope
46%
Mégara
37%
Aucun quiz correspondant
Distribution des résultats
% des personnes avec chaque résultat
Percentile par nombre de réponses
Votre historique - résultats
Vous n’avez pas pris ce quiz